00485cam a22001574a 4500020001800000020001500018082001200033100002100045245003200066250001200098260004400110300001700154650003100171856005700202856006800259 a9780444517951 a044451795200a512.9/71 aPachpatte, B. G.10aMathematical inequalities / a1st ed. aAmsterdam ;aBoston :bElsevier,c2005. axi, 591 p. ; 0aInequalities (Mathematics)41uhttp://www.loc.gov/catdir/toc/fy0710/2004064941.html42uhttp://www.loc.gov/catdir/enhancements/fy0660/2004064941-d.html